Communication matters

Guardat en:
Dades bibliogràfiques
Autor principal: McCutcheon, Randall
Format: Llibre
Idioma:Undetermined
Publicat: Minneapolis West Publishing 1994
Matèries:
Etiquetes: Afegir etiqueta
Sense etiquetes, Sigues el primer a etiquetar aquest registre!
Thư viện lưu trữ: Trung tâm Học liệu Trường Đại học Cần Thơ
LEADER 00598nam a2200193Ia 4500
001 CTU_109715
008 210402s9999 xx 000 0 und d
082 |a 401 
082 |b C988 
100 |a McCutcheon, Randall 
245 0 |a Communication matters 
245 0 |c Randall McCutcheon, James Schaffer, Ioseph R. Wycoff 
260 |a Minneapolis 
260 |b West Publishing 
260 |c 1994 
650 |a Communication,Conversation,Discourse analysis,Language and languages 
650 |x Sex differences 
904 |i Giang, Q. Hieu 
980 |a Trung tâm Học liệu Trường Đại học Cần Thơ